| 000 | 00617nam a22002057a 4500 | ||
|---|---|---|---|
| 005 | 20251108172114.0 | ||
| 008 | 250721s1999 xx 000 0 ara d | ||
| 082 | 1 | 4 | _a634.9/عثم |
| 100 | 1 | _aبدران، عثمان عدلي | |
| 245 | 1 | 0 | _aأساسيات علوم الأشجار و تكنولوجيا الأخشاب / |
| 264 | 1 |
_aالاسكندرية : _bدار المعارف، _c1999. |
|
| 300 | _a418ص | ||
| 650 | 1 | 7 | _aالأشجار |
| 650 | 1 | 7 | _aالغابات |
| 650 | 1 | 7 | _aالتحريج |
| 650 | 1 | 7 | _aالخشب |
| 700 | 1 | _aقنديل، السيد عزت | |
| 942 |
_2ddc _cBK |
||
| 999 |
_c70569 _d70569 |
||